<?xml version="1.0" encoding="UTF-8"?>
<collection xmlns:xsi="http://www.w3.org/2001/XMLSchema-instance" xsi:schemaLocation="http://www.loc.gov/MARC21/slim http://www.loc.gov/standards/marcxml/schema/MARC21slim.xsd" xmlns="http://www.loc.gov/MARC21/slim">
 <record>
  <leader>00000cam a22000002c 4500</leader>
  <controlfield tag="001">066928362</controlfield>
  <controlfield tag="003">DE-627</controlfield>
  <controlfield tag="005">20251129211632.0</controlfield>
  <controlfield tag="007">tu</controlfield>
  <controlfield tag="008">001001s1965    dk |||||      00| ||dan c</controlfield>
  <datafield tag="035" ind1=" " ind2=" ">
   <subfield code="a">(DE-627)066928362</subfield>
  </datafield>
  <datafield tag="035" ind1=" " ind2=" ">
   <subfield code="a">(DE-599)GBV066928362</subfield>
  </datafield>
  <datafield tag="035" ind1=" " ind2=" ">
   <subfield code="a">(OCoLC)4378254</subfield>
  </datafield>
  <datafield tag="040" ind1=" " ind2=" ">
   <subfield code="a">DE-627</subfield>
   <subfield code="b">ger</subfield>
   <subfield code="c">DE-627</subfield>
   <subfield code="e">rakwb</subfield>
  </datafield>
  <datafield tag="041" ind1=" " ind2=" ">
   <subfield code="a">dan</subfield>
  </datafield>
  <datafield tag="044" ind1=" " ind2=" ">
   <subfield code="c">XA-DK</subfield>
  </datafield>
  <datafield tag="050" ind1=" " ind2="0">
   <subfield code="a">HC355</subfield>
  </datafield>
  <datafield tag="084" ind1=" " ind2=" ">
   <subfield code="a">30</subfield>
   <subfield code="2">ssgn</subfield>
  </datafield>
  <datafield tag="084" ind1=" " ind2=" ">
   <subfield code="a">f2013:0532</subfield>
   <subfield code="2">isced</subfield>
  </datafield>
  <datafield tag="084" ind1=" " ind2=" ">
   <subfield code="a">p2011:9</subfield>
   <subfield code="2">isced</subfield>
  </datafield>
  <datafield tag="100" ind1="1" ind2=" ">
   <subfield code="a">Hansen, Viggo</subfield>
   <subfield code="e">verfasserin</subfield>
   <subfield code="4">aut</subfield>
  </datafield>
  <datafield tag="245" ind1="1" ind2="0">
   <subfield code="a">Danmarks kulturgeografi</subfield>
   <subfield code="c">Viggo Hansen</subfield>
  </datafield>
  <datafield tag="264" ind1=" " ind2="1">
   <subfield code="a">[Copenhagen]</subfield>
   <subfield code="b">Gyldendal</subfield>
   <subfield code="c">1965</subfield>
  </datafield>
  <datafield tag="300" ind1=" " ind2=" ">
   <subfield code="a">100 S.</subfield>
  </datafield>
  <datafield tag="336" ind1=" " ind2=" ">
   <subfield code="a">Text</subfield>
   <subfield code="b">txt</subfield>
   <subfield code="2">rdacontent</subfield>
  </datafield>
  <datafield tag="337" ind1=" " ind2=" ">
   <subfield code="a">ohne Hilfsmittel zu benutzen</subfield>
   <subfield code="b">n</subfield>
   <subfield code="2">rdamedia</subfield>
  </datafield>
  <datafield tag="338" ind1=" " ind2=" ">
   <subfield code="a">Band</subfield>
   <subfield code="b">nc</subfield>
   <subfield code="2">rdacarrier</subfield>
  </datafield>
  <datafield tag="490" ind1="0" ind2=" ">
   <subfield code="a">Specialgeografi</subfield>
  </datafield>
  <datafield tag="583" ind1="1" ind2=" ">
   <subfield code="a">Archivierung prüfen</subfield>
   <subfield code="c">20240324</subfield>
   <subfield code="f">DE-4165</subfield>
   <subfield code="z">1</subfield>
   <subfield code="2">pdager</subfield>
  </datafield>
  <datafield tag="653" ind1=" " ind2="0">
   <subfield code="a">Denmark</subfield>
   <subfield code="a">Economic conditions</subfield>
   <subfield code="a">1918-</subfield>
  </datafield>
  <datafield tag="655" ind1=" " ind2="7">
   <subfield code="a">Lehr- und Lernressource</subfield>
   <subfield code="0">(DE-588)4074111-4</subfield>
   <subfield code="0">(DE-627)104279885</subfield>
   <subfield code="0">(DE-576)209192496</subfield>
   <subfield code="2">gnd-content</subfield>
  </datafield>
  <datafield tag="689" ind1="0" ind2="0">
   <subfield code="D">s</subfield>
   <subfield code="0">(DE-588)4020219-7</subfield>
   <subfield code="0">(DE-627)106318853</subfield>
   <subfield code="0">(DE-576)208932437</subfield>
   <subfield code="a">Geografieunterricht</subfield>
   <subfield code="2">gnd</subfield>
  </datafield>
  <datafield tag="689" ind1="0" ind2="1">
   <subfield code="D">g</subfield>
   <subfield code="0">(DE-588)4010877-6</subfield>
   <subfield code="0">(DE-627)104598832</subfield>
   <subfield code="0">(DE-576)208890645</subfield>
   <subfield code="a">Dänemark</subfield>
   <subfield code="2">gnd</subfield>
  </datafield>
  <datafield tag="689" ind1="0" ind2=" ">
   <subfield code="5">(DE-627)</subfield>
  </datafield>
  <datafield tag="912" ind1=" " ind2=" ">
   <subfield code="a">GBV_ILN_24</subfield>
  </datafield>
  <datafield tag="912" ind1=" " ind2=" ">
   <subfield code="a">ISIL_DE-8</subfield>
  </datafield>
  <datafield tag="912" ind1=" " ind2=" ">
   <subfield code="a">SYSFLAG_1</subfield>
  </datafield>
  <datafield tag="912" ind1=" " ind2=" ">
   <subfield code="a">GBV_KXP</subfield>
  </datafield>
  <datafield tag="912" ind1=" " ind2=" ">
   <subfield code="a">SSG-OPC-SCA</subfield>
  </datafield>
  <datafield tag="912" ind1=" " ind2=" ">
   <subfield code="a">GBV_ILN_216</subfield>
  </datafield>
  <datafield tag="912" ind1=" " ind2=" ">
   <subfield code="a">ISIL_DE-Bs78</subfield>
  </datafield>
  <datafield tag="951" ind1=" " ind2=" ">
   <subfield code="a">BO</subfield>
  </datafield>
  <datafield tag="980" ind1=" " ind2=" ">
   <subfield code="2">24</subfield>
   <subfield code="1">01</subfield>
   <subfield code="x">0008</subfield>
   <subfield code="b">511249071</subfield>
   <subfield code="c">00</subfield>
   <subfield code="f">16</subfield>
   <subfield code="d">Ab 1001</subfield>
   <subfield code="e">u</subfield>
   <subfield code="j">--%%--</subfield>
   <subfield code="h">yx</subfield>
   <subfield code="y">zz1</subfield>
   <subfield code="z">01-10-00</subfield>
  </datafield>
  <datafield tag="980" ind1=" " ind2=" ">
   <subfield code="2">216</subfield>
   <subfield code="1">01</subfield>
   <subfield code="x">3708</subfield>
   <subfield code="b">1299371035</subfield>
   <subfield code="c">00</subfield>
   <subfield code="f">--%%--</subfield>
   <subfield code="d">DK G-5(1,65)3</subfield>
   <subfield code="e">u</subfield>
   <subfield code="j">--%%--</subfield>
   <subfield code="h">029.30.0005.0003.00.1965.001.</subfield>
   <subfield code="y">rsb</subfield>
   <subfield code="z">29-01-12</subfield>
  </datafield>
  <datafield tag="983" ind1=" " ind2=" ">
   <subfield code="2">24</subfield>
   <subfield code="1">01</subfield>
   <subfield code="x">0008</subfield>
   <subfield code="8">50</subfield>
   <subfield code="0">(DE-627)05808777X</subfield>
   <subfield code="a">ska 019</subfield>
   <subfield code="b">Daenemark</subfield>
   <subfield code="b">Anthropogeographie</subfield>
  </datafield>
  <datafield tag="983" ind1=" " ind2=" ">
   <subfield code="2">216</subfield>
   <subfield code="1">00</subfield>
   <subfield code="x">DE-Bs78</subfield>
   <subfield code="8">00</subfield>
   <subfield code="a">l029</subfield>
  </datafield>
  <datafield tag="983" ind1=" " ind2=" ">
   <subfield code="2">216</subfield>
   <subfield code="1">00</subfield>
   <subfield code="x">DE-Bs78</subfield>
   <subfield code="8">00</subfield>
   <subfield code="a">z503</subfield>
  </datafield>
  <datafield tag="983" ind1=" " ind2=" ">
   <subfield code="2">216</subfield>
   <subfield code="1">00</subfield>
   <subfield code="x">DE-Bs78</subfield>
   <subfield code="8">00</subfield>
   <subfield code="a">dle</subfield>
  </datafield>
  <datafield tag="984" ind1=" " ind2=" ">
   <subfield code="2">216</subfield>
   <subfield code="1">01</subfield>
   <subfield code="x">3708</subfield>
   <subfield code="a">BS78$12377562</subfield>
  </datafield>
  <datafield tag="985" ind1=" " ind2=" ">
   <subfield code="2">216</subfield>
   <subfield code="1">01</subfield>
   <subfield code="x">3708</subfield>
   <subfield code="a">33847</subfield>
  </datafield>
  <datafield tag="995" ind1=" " ind2=" ">
   <subfield code="2">24</subfield>
   <subfield code="1">01</subfield>
   <subfield code="x">0008</subfield>
   <subfield code="a">yx</subfield>
  </datafield>
  <datafield tag="995" ind1=" " ind2=" ">
   <subfield code="2">216</subfield>
   <subfield code="1">01</subfield>
   <subfield code="x">3708</subfield>
   <subfield code="a">029.30.0005.0003.00.1965.001.</subfield>
  </datafield>
 </record>
</collection>
